Widok standardowy
Widok MARC
Pozycja Personal Name
Liczba rekordów, w których użyto hasła: 1
001 - Numer kontrolny
- control field: 18966
003 - Identyfikator numeru kontrolnego
- control field: OLSZT 008
005 - Data i czas ostatniej modyfikacji
- control field: 20240806220008.0
008 - Dane kontrolne kodowane (40 znaków)
- fixed length control field: 960126n||a| nnaabn |a aaa |c
010 ## - Numer kontrolny Biblioteki Kongresu
- numer kontrolny LC: n 96000860
039 #9 -
- : 201810290019
- : VLOAD
- : 201810261149
- : fmkk
- : 201810251214
- : vuwm
- : 201211210006
- : VLOAD
- : 200205310930
- : load
040 ## - Instytucja sporządzająca rekord
- inst. przygot. dane do rek. khw: WA U/RET
- inst. wprow. rek. khw: WA U/BM
- inst. modyf. rek. khw: KR U/HW
- inst. modyf. rek. khw: KR 295/AJ
- inst. modyf. rek. khw: OLSZT 003/BK
100 1# - Hasło - nazwa osobowa
- nazwa osobowa w formie ujednoliconej: Górny, Jan Jerzy
- daty biograficzne: (1943- ).
400 1# - Trop zob. - nazwa osobowa
- nazwa osobowa (nazwisko, imiona): Górny, Jan.
400 1# - Trop zob. - nazwa osobowa
- nazwa osobowa (nazwisko, imiona): Górny, Jan J.
670 ## - Źródło informacji
- źródło informacji: Duch.'91
670 ## - Źródło informacji
- źródło informacji: Kp. Św. Wojciech : 997-1997 / [oprac. Jan Jerzy Górny]. - Olsztyn, 1997.
670 ## - Źródło informacji
- źródło informacji: Złoty jubileusz kapłaństwa ks. infułata Jana-Jerzego Górnego 23 VI 1968-23 VI 2018 : 75 rocznica urodzin / oprac. Jan-Jerzy Górny. - [S. l]., cop. 2018.
999 ## -
- : VIRTUA40 x
999 ## -
- : VTLSSORT0010*0080*0100*0400*1000*4000*4001*6670*6700*6701*6702*9992